Вып. 70 : Медицинская кибернетика; Кибернетика и вычислительная техника

Detalhes bibliográficos
Parent link:Кибернетика и вычислительная техника: республиканский межведомственный научный сборник/ Академия наук Украинской ССР, Институт кибернетики (АН УССР ИК). Вып. 70 : Медицинская кибернетика.— , 1965-1991
Outros Autores: Михалевич В. С. (редактор)
Idioma:russo
Publicado em: 1986
Assuntos:
Formato: Livro
KOHA link:https://koha.lib.tpu.ru/cgi-bin/koha/opac-detail.pl?biblionumber=280662

MARC

LEADER 00000nam2a2200000 4500
001 280662
005 20231101235328.0
035 |a (RuTPU)RU\TPU\book\304217 
035 |a RU\TPU\book\304214 
035 |a RU\TPU\book\238481 
090 |a 280662 
100 |a 20150114d1986 k y0rusy50 ca 
101 0 |a rus 
102 |a UA 
105 |a a z 001zy 
200 0 |a Вып. 70 : Медицинская кибернетика  |f отв. ред. В. С. Михалевич 
210 |d 1986 
215 |a 92 с.  |c ил. 
320 |a Библиогр. в конце ст. 
461 1 |0 (RuTPU)RU\TPU\book\157687  |t Кибернетика и вычислительная техника  |o республиканский межведомственный научный сборник  |f Академия наук Украинской ССР, Институт кибернетики (АН УССР ИК)  |v Вып. 70 : Медицинская кибернетика  |d 1965-1991 
606 1 |a Кибернетика  |2 stltpush  |3 (RuTPU)RU\TPU\subj\39446  |9 59539 
606 1 |a Вычислительная техника  |x В целом  |2 stltpush  |3 (RuTPU)RU\TPU\subj\4023  |9 32339 
610 1 |a биологическая кибернетика 
610 1 |a медицинская кибернетика 
610 1 |a медицинские данные 
610 1 |a сбор 
610 1 |a обработка 
610 1 |a машинная диагностика 
610 1 |a алгоритмы 
610 1 |a данные 
610 1 |a математические модели 
610 1 |a биологические процессы 
675 |a 681.5  |v 3 
675 |a 004  |v 4 
702 1 |a Михалевич  |b В. С.  |4 340 
801 1 |a RU  |b 63413507  |c 20140207 
801 2 |a RU  |b 63413507  |c 20170630  |g RCR 
942 |c BK